| 000 | 00525nam a22001697a 4500 | ||
|---|---|---|---|
| 003 | BD-DhUL | ||
| 005 | 20161106113124.0 | ||
| 008 | 161106b xxu||||| |||| 00| 0 eng d | ||
| 040 |
_aBD-DhUL _cBD-DhUL |
||
| 082 |
_a017 _bLIC |
||
| 110 | _aLibrary of the Board of Examiners | ||
| 245 |
_aCatalogue of the library of the Board of Examiners / _cLibrary of the Board of Examiners |
||
| 260 |
_aCalcutta : _bLibrary Board of Examiners, _c1893. |
||
| 300 |
_a28p. ; _c34cm. |
||
| 650 | _aData Processing. | ||
| 942 |
_2ddc _cBK |
||
| 999 |
_c119870 _d119870 |
||